Formula neseného rizika

Salvato in:
Dettagli Bibliografici
Autore principale: Pinda, Ľudovít, 1958-
Natura: Capitolo di libro
Lingua:slovacco
Soggetti:
Tags: Aggiungi Tag
Nessun Tag, puoi essere il primo ad aggiungerne!!

MARC

LEADER 00000nla$a2200000$$$4500
001 0134955
005 20240502072520.9
041 0 |a slo 
044 |a SK 
245 1 0 |a Formula neseného rizika  |c Ľudovít Pinda 
500 |a Abstrakt 
610 2 0 |a poisťovníctvo 
610 2 0 |a poisťovne 
610 2 0 |a riziko poistné 
610 2 0 |a poistenie 
610 2 0 |a portfólio 
610 2 0 |a kapitál 
610 2 0 |a rezervy technické 
610 2 0 |a matematika poistná 
100 1 |a Pinda, Ľudovít, 1958-